Central Library OPAC University of Rajshahi

Social problems and social action / (Record no. 57501)

MARC details
000 -LEADER
fixed length control field 00823nam a2200241 a 4500
001 - CONTROL NUMBER
control field 57501
003 - CONTROL NUMBER IDENTIFIER
rucl marc code BD-RjUL
005 - DATE AND TIME OF LATEST TRANSACTION
control field 20211209080524.0
008 - FIXED-LENGTH DATA ELEMENTS--GENERAL INFORMATION
fixed length control field 730115r19611958njua 000 0 eng
035 ## - SYSTEM CONTROL NUMBER
System control number (BD-RjUL)57625
040 ## - CATALOGING SOURCE
Original cataloging agency DLC
Transcribing agency OClU
Modifying agency OCoLC
-- Uk
-- OCoLC
-- DLC
Language of cataloging eng
041 ## - LANGUAGE CODE
Language code of text/sound track or separate title eng
082 ## - DEWEY DECIMAL CLASSIFICATION NUMBER
Classification number 361.1
Edition number 23
Author mark and year WAS 1961
100 1# - MAIN ENTRY--PERSONAL NAME
Personal name Walsh, Mary E.
Fuller form of name (Mary Elizabeth),
Dates associated with a name 1941-
9 (RLIN) 170754
245 10 - TITLE STATEMENT
Title Social problems and social action /
Statement of responsibility, etc. [by] Mary Elizabeth Walsh [and] Paul Hanly Furfey.
260 ## - PUBLICATION, DISTRIBUTION, ETC. (IMPRINT)
Place of publication, distribution, etc. Englewood Cliffs, N.J.,
Name of publisher, distributor, etc. Prentice-Hall,
Date of publication, distribution, etc. 1958[Peinting196 ]
300 ## - PHYSICAL DESCRIPTION
Pagination 465 p. :
Illustrations illus. ;
Size 22 cm.
650 #0 - SUBJECT ADDED ENTRY--TOPICAL TERM
Topical term or geographic name as entry element Social problems
9 (RLIN) 170755
651 #0 - SUBJECT ADDED ENTRY--GEOGRAPHIC NAME
Geographic name United States
General subdivision Social conditions
9 (RLIN) 170756
700 1# - ADDED ENTRY--PERSONAL NAME
Personal name Furfey, Paul Hanly,
Dates associated with a name 1896-1992,
Relator term joint author
942 ## - ADDED ENTRY ELEMENTS (KOHA)
Source of classification or shelving scheme Dewey Decimal Classification
Koha item type Books
Holdings
Lost status Source of classification or shelving scheme Damaged status Not for loan Collection code Permanent Location Current Location Shelving location Date acquired Source of acquisition Cost, normal purchase price Total Checkouts Full call number Date last seen Copy number Koha item type
  Dewey Decimal Classification   Not For Loan Non-fiction Central Library, University of Rajshahi Central Library, University of Rajshahi Reading Room 22/08/1966 Mirga Book 39.00   361.1 WAS 1961 10/12/2016 C-1 Books